000
00229nam a2200097Ia 4500
008
230915s9999 xx 000 0 und d
050
_a
T 9.H69 2003 VOL 17
100
_a
BROWN,PARTWORKS
245
0
_a
HOW IT WORKS
942
_c
BK
999
_c
202235
_d
202235